| 000 | 00561nam a22001817a 4500 | ||
|---|---|---|---|
| 005 | 20231116071557.0 | ||
| 008 | 231116b |||||||| |||| 00| 0 eng d | ||
| 020 | _a9780702167461 | ||
| 041 | _aEnglish | ||
| 082 | _a344.1 GRO | ||
| 100 |
_aGrogan, J _lEnglish |
||
| 245 |
_aDismissal, Discrimination and Unfair Labour Practices / _cJ Grogan |
||
| 250 | _aFirst Edition | ||
| 260 |
_aCape Town : _bJuta and Company Ltd, _c2005 |
||
| 300 |
_blii, 549 pages ; _c25,5 cm. |
||
| 650 |
_aLegal practice _bLaw |
||
| 942 |
_cBK _6ALISON_BN_VRIES |
||
| 999 |
_c706 _d706 |
||